| 000 | 00573nmm a2200133Ia 4500 | ||
|---|---|---|---|
| 005 | 20241120123150.0 | ||
| 008 | 241120s9999||||xx |||||||||||||||||und|| | ||
| 245 | 0 | _aEuropean Competence Standards for the Academic Training of Career Practitioners | |
| 260 |
_aVerlag Barbara Budrich _c2016 |
||
| 650 | _acareer guidance and counselling | ||
| 700 | _aSchiersmann, Christiane||Einarsdóttir, Sif||Katsarov, Johannes||Lerkkanen, Jukka||Mulvey, Rachel||Pukelis, Kestutis||Weber, Peter | ||
| 856 | _uhttps://directory.doabooks.org/handle/20.500.12854/38471 | ||
| 942 | _cE-Book | ||
| 999 |
_c191045 _d191045 |
||